<?xml version="1.0" encoding="UTF-8"?>
<record
    xmlns:xsi="http://www.w3.org/2001/XMLSchema-instance"
    xsi:schemaLocation="http://www.loc.gov/MARC21/slim http://www.loc.gov/standards/marcxml/schema/MARC21slim.xsd"
    xmlns="http://www.loc.gov/MARC21/slim">

  <leader>01521nam a2200421Ia 4500</leader>
  <controlfield tag="001">dia_2566</controlfield>
  <controlfield tag="003">CHAP</controlfield>
  <controlfield tag="005">20240729234623.0</controlfield>
  <controlfield tag="007">ta</controlfield>
  <controlfield tag="008">220117s1986    mx ado fr     001 0 spa d</controlfield>
  <datafield tag="010" ind1=" " ind2=" ">
    <subfield code="a">173084</subfield>
  </datafield>
  <datafield tag="020" ind1=" " ind2=" ">
    <subfield code="a">968-25-1147-X</subfield>
  </datafield>
  <datafield tag="040" ind1=" " ind2=" ">
    <subfield code="c">CHAP</subfield>
    <subfield code="a">mxchpua</subfield>
  </datafield>
  <datafield tag="041" ind1=" " ind2=" ">
    <subfield code="a">spa</subfield>
    <subfield code="h">eng</subfield>
  </datafield>
  <datafield tag="050" ind1="1" ind2=" ">
    <subfield code="a">TP155 </subfield>
    <subfield code="b">.U47 1986</subfield>
  </datafield>
  <datafield tag="082" ind1=" " ind2=" ">
    <subfield code="a">660 </subfield>
    <subfield code="b">U47 1986</subfield>
    <subfield code="2">20</subfield>
  </datafield>
  <datafield tag="100" ind1="1" ind2=" ">
    <subfield code="a">Ulrich, Gael D.</subfield>
    <subfield code="9">116073</subfield>
  </datafield>
  <datafield tag="240" ind1="1" ind2="2">
    <subfield code="a">A guide to chemical engineering process design and economics.</subfield>
    <subfield code="l">Espa&#xF1;ol</subfield>
  </datafield>
  <datafield tag="245" ind1=" " ind2=" ">
    <subfield code="a">Dise&#xF1;o y econom&#xED;a de los procesos de ingenier&#xED;a qu&#xED;mica /</subfield>
    <subfield code="c">Gael D. Ulrich ; traductores Popocat&#xE9;petl R&#xED;os Lara y Jorge Estrada Pinto</subfield>
  </datafield>
  <datafield tag="250" ind1=" " ind2=" ">
    <subfield code="a">1a edici&#xF3;n</subfield>
  </datafield>
  <datafield tag="264" ind1=" " ind2=" ">
    <subfield code="a">M&#xE9;xico :</subfield>
    <subfield code="b">Interamericana,</subfield>
    <subfield code="c">1986</subfield>
  </datafield>
  <datafield tag="300" ind1=" " ind2=" ">
    <subfield code="a">xiv, 513 p&#xE1;ginas :</subfield>
    <subfield code="b">ilustraciones, gr&#xE1;ficas, fotos</subfield>
  </datafield>
  <datafield tag="336" ind1=" " ind2=" ">
    <subfield code="2">rdacontent</subfield>
    <subfield code="a">texto</subfield>
    <subfield code="b">txt</subfield>
  </datafield>
  <datafield tag="337" ind1=" " ind2=" ">
    <subfield code="2">rdamedia</subfield>
    <subfield code="a">no mediado</subfield>
    <subfield code="b">n</subfield>
  </datafield>
  <datafield tag="338" ind1=" " ind2=" ">
    <subfield code="2">rdacarrier</subfield>
    <subfield code="a">volumen</subfield>
    <subfield code="b">nc</subfield>
  </datafield>
  <datafield tag="500" ind1=" " ind2=" ">
    <subfield code="a">Los ejemplares 2 y 3 son material fotocopiado --
Solicitar ejemplares en mostrador</subfield>
  </datafield>
  <datafield tag="504" ind1=" " ind2=" ">
    <subfield code="a">Incluye bibliograf&#xED;as</subfield>
  </datafield>
  <datafield tag="650" ind1="1" ind2="3">
    <subfield code="a">Dise&#xF1;o de procesos  </subfield>
    <subfield code="9">153146</subfield>
    <subfield code="2">atg</subfield>
  </datafield>
  <datafield tag="650" ind1="1" ind2="3">
    <subfield code="a">Ingenier&#xED;a qu&#xED;mica  </subfield>
    <subfield code="9">58271</subfield>
    <subfield code="2">atg</subfield>
  </datafield>
  <datafield tag="650" ind1="1" ind2="3">
    <subfield code="a">Chemical engineering  </subfield>
    <subfield code="9">147048</subfield>
    <subfield code="2">atg</subfield>
  </datafield>
  <datafield tag="650" ind1="1" ind2="3">
    <subfield code="a">Process design</subfield>
    <subfield code="9">153147</subfield>
    <subfield code="2">atg</subfield>
  </datafield>
  <datafield tag="700" ind1="1" ind2=" ">
    <subfield code="a">Estrada Pinto, Jorge</subfield>
    <subfield code="9">153148</subfield>
    <subfield code="e">traductor</subfield>
  </datafield>
  <datafield tag="700" ind1="1" ind2=" ">
    <subfield code="a">R&#xED;os Lara, Popocat&#xE9;petl</subfield>
    <subfield code="9">153149</subfield>
    <subfield code="e">traductora</subfield>
  </datafield>
  <datafield tag="901" ind1=" " ind2=" ">
    <subfield code="a">660 U47 1986</subfield>
  </datafield>
  <datafield tag="902" ind1=" " ind2=" ">
    <subfield code="a">M</subfield>
  </datafield>
  <datafield tag="905" ind1=" " ind2=" ">
    <subfield code="a">5232271986                          mx aimn8222223322spa16</subfield>
  </datafield>
  <datafield tag="942" ind1=" " ind2=" ">
    <subfield code="c">LIBRO</subfield>
    <subfield code="2">ddc</subfield>
  </datafield>
  <datafield tag="999" ind1=" " ind2=" ">
    <subfield code="c">173084</subfield>
    <subfield code="d">173084</subfield>
  </datafield>
  <datafield tag="952" ind1=" " ind2=" ">
    <subfield code="0">0</subfield>
    <subfield code="1">0</subfield>
    <subfield code="2">ddc</subfield>
    <subfield code="4">0</subfield>
    <subfield code="5">1</subfield>
    <subfield code="7">0</subfield>
    <subfield code="8">GRAL</subfield>
    <subfield code="a">IA_</subfield>
    <subfield code="b">IA_</subfield>
    <subfield code="d">2022-01-18</subfield>
    <subfield code="i">Fotocopia</subfield>
    <subfield code="l">1</subfield>
    <subfield code="o">660 U47 1986</subfield>
    <subfield code="p">1102004215</subfield>
    <subfield code="r">2024-11-28 15:41:19</subfield>
    <subfield code="s">2024-02-08</subfield>
    <subfield code="t">Ej. 3</subfield>
    <subfield code="w">2022-01-18</subfield>
    <subfield code="y">LIBRO</subfield>
  </datafield>
  <datafield tag="952" ind1=" " ind2=" ">
    <subfield code="0">0</subfield>
    <subfield code="1">1</subfield>
    <subfield code="2">ddc</subfield>
    <subfield code="4">0</subfield>
    <subfield code="7">0</subfield>
    <subfield code="8">GRAL</subfield>
    <subfield code="a">IA_</subfield>
    <subfield code="b">IA_</subfield>
    <subfield code="d">2022-01-18</subfield>
    <subfield code="l">0</subfield>
    <subfield code="o">660 U47 1986</subfield>
    <subfield code="p">1102004213</subfield>
    <subfield code="r">2022-01-18 00:00:00</subfield>
    <subfield code="t">Ej. 2</subfield>
    <subfield code="w">2022-01-18</subfield>
    <subfield code="y">LIBRO</subfield>
  </datafield>
  <datafield tag="952" ind1=" " ind2=" ">
    <subfield code="0">0</subfield>
    <subfield code="1">0</subfield>
    <subfield code="2">ddc</subfield>
    <subfield code="4">0</subfield>
    <subfield code="5">1</subfield>
    <subfield code="7">0</subfield>
    <subfield code="8">GRAL</subfield>
    <subfield code="a">IA_</subfield>
    <subfield code="b">IA_</subfield>
    <subfield code="d">2022-01-18</subfield>
    <subfield code="i">Fotocopia</subfield>
    <subfield code="l">0</subfield>
    <subfield code="o">660 U47 1986</subfield>
    <subfield code="p">1102004214</subfield>
    <subfield code="r">2022-01-18 00:00:00</subfield>
    <subfield code="t">Ej. 1</subfield>
    <subfield code="w">2022-01-18</subfield>
    <subfield code="y">LIBRO</subfield>
  </datafield>
</record>
